Logo BPK

Biblioteka

Politechniki Koszalińskiej

Elektrotechnika samochodowa / (Rekord nr 4328)

Szczegóły MARC
000 -ETYKIETA REKORDU
podpole kontrolne o stałej długości 00341nam a2200145 i 4500
001 - NUMER KONTROLNY REKORDU
pole kontrolne bg
040 ## - ŹRÓDŁO KATALOGOWANIA
Instytucja, która utworzyła rekord BPK
041 ## - KOD JĘZYKA
Kod języka tekstu pol
008 - POLE O STAŁEJ DŁUGOŚCI - DANE KONTROLNE
podpole kontrolne o stałej długości s pl f |000 0 pol
100 1# - NAZWA OSOBOWA
Nazwa osobowa HORECKI, Stanisław
245 #0 - TYTUŁ/ODPOWIEDZIALNOŚĆ
Tytuł Elektrotechnika samochodowa /
Pozostałe elementy strefy tytułu i oznaczenia odpowiedzialności Stanisław Horecki.
250 ## - STREFA WYDANIA
Oznaczenie wydania Wyd.2 popr.
260 ## - STREFA ADRESU WYDAWNICZEGO
Miejsce wydania Opole,
Data publikacji, dystrybucji/powstania dokumentu 1990.
856 ## - LOKALIZACJA I DOSTĘP DO ELEKTRONICZNYCH DOKUMENTÓW ZDALNYCH
Link (URL) http://koha.tu.koszalin.pl/cgi-bin/koha/opac-detail.pl?biblionumber=4328
Tekst linku Katalog online BPK
942 ## - DODATKOWE ELEMENTY (KOHA)
Typ dokumentu Książka
Egzemplarze
Wycofany Status egzemplarza Uszkodzony Dostępność Lokalizacja stała Lokalizacja bieżąca Miejsce przechowywania Sygnatura Kod kreskowy Ostatnio wypożyczono Typ dokumentu
      Dostępny Biblioteka Politechniki Koszalińskiej Biblioteka Politechniki Koszalińskiej Wypożyczalnia BG P 40753 01398533 02.03.2016 Książka
© 2023 Biblioteka Politechniki Koszalińskiej :: KOHA